Normal view
MARC view
- Balarila.
Entry Topical Term
001 - CONTROL NUMBER
- control field: 57356
003 - CONTROL NUMBER IDENTIFIER
- control field: OSt
005 - DATE AND TIME OF LATEST TRANSACTION
- control field: 20240620103548.0
008 - FIXED-LENGTH DATA ELEMENTS
- fixed length control field: 240620|| aca||aabn | a|a d
040 ## - CATALOGING SOURCE
- Original cataloging agency: OSt
- Transcribing agency: OSt
150 ## - HEADING--TOPICAL TERM
- Topical term or geographic name entry element: Balarila.
670 ## - SOURCE DATA FOUND
- Source citation: Work cat.: (OSt)20339: Villanueva, Antonia F. 57346, Ang balarila para sa mga guro /, ©1994.
